| 000 | 01698nam a2200289 a 4500 | ||
|---|---|---|---|
| 001 | ASIN8182746167 | ||
| 003 | OSt | ||
| 005 | 20170105102905.0 | ||
| 008 | 131022s2012 xxu eng d | ||
| 020 | _a8182746167 (hardcover) | ||
| 020 | _a9788182746169 (hardcover) | ||
| 040 | _a0 | ||
| 050 | 0 | 4 | _aUA853.P3 |
| 082 | 0 | 4 |
_a355.03305491 _bHAS 2012 |
| 100 | 1 | _aHasnat, Syed Farooq. | |
| 245 | 1 | 0 |
_aGlobal security watch : _bPakistan / _cSyed Farooq Hasnat. |
| 260 |
_a[S.l.] : _bPentagon Press, _c2012. |
||
| 300 |
_a222 p. ; _c25 cm. |
||
| 520 | _aIn recent years Pakistan has emerged as a major security concern for the United States. The acts of terrorism that originate in Pakistan and its culture of extremism cause serious apprehension for the international community as well. Pakistan's ability to combat extremism within its borders and its policy towards Afghanistan will also play a large role in determining the success of U.S. military actions in Afghanistan. This volume will be the first to deal with a variety of emerging security issues of the country and their regional and international implications. This volume examines the issues of utmost importance for Pakistan's stability and strategic balance, and explains their significance from the global perspective. Each chapter in this book addresses specific security challenges of Pakistan, both domestic and international. | ||
| 650 | 0 | _aInternational relations | |
| 650 | 0 | _aNational security | |
| 650 | 0 | _aPakistan | |
| 650 | 0 | _aPolitical science | |
| 650 | 0 | _aStrategic aspects of individual places | |
| 856 | 4 | 0 |
_3Amazon.com _uhttp://www.amazon.com/exec/obidos/ASIN/8182746167/chopaconline-20 |
| 942 |
_2ddc _cBK |
||
| 999 |
_c14847 _d14847 |
||